000 00668njm a2200253 c 4500
003 BLK
005 20180421002447.0
008 180410b bul||n||s|||||||| n|bulo|
010 _aCDD00003785000
040 _aBLK
041 _aBUL
_cENG
700 1 _aOrbison, Roy
_eмузика
_920252
139 _aOrbison, Roy
_bO 68
245 1 0 _aAt His Best [аудио CD]
_bVol. 1
_cмузика Roy Orbison.
257 _aBGR
260 S. l.
_c2000
380 _a7
590 _aS.N: 93131 от КНИГИ
852 _aЦб CD 2408
_p0
856 4 _qpdf
_u
856 4 _qpdf
_u
942 _cCDD
_n0
944 _aCR
_c16.12.2009
_kВаля_Йорданова
944 _aED
_c16.12.2009
_k
999 _c221284
_d221284